BUBT Library Online Catalog

Cases and Materials on International Law / (Record no. 3658)

000 -LEADER
fixed length control field 00541nam a2200205Ia 4500
003 - CONTROL NUMBER IDENTIFIER
control field BUBTL
008 - FIXED-LENGTH DATA ELEMENTS--GENERAL INFORMATION
fixed length control field 151213s9999 xx 000 0 und d
020 ## - INTERNATIONAL STANDARD BOOK NUMBER
International Standard Book Number 0421 53480 X
082 ## - DEWEY DECIMAL CLASSIFICATION NUMBER
Classification number 346 HAC
100 ## - MAIN ENTRY--PERSONAL NAME
Personal name Harris, D.J.
9 (RLIN) 2065
245 ## - TITLE STATEMENT
Title Cases and Materials on International Law /
Statement of responsibility, etc. D.J.Harris
250 ## - EDITION STATEMENT
Edition statement 5th ed.
260 ## - PUBLICATION, DISTRIBUTION, ETC. (IMPRINT)
Place of publication, distribution, etc. London :
Name of publisher, distributor, etc. Sweet & Maxwell Ltd.
Date of publication, distribution, etc. c1998.
300 ## - PHYSICAL DESCRIPTION
Extent lxxvii,1123 p. :
Dimensions 22 cm.
650 ## - SUBJECT ADDED ENTRY--TOPICAL TERM
Topical term or geographic name as entry element Law
650 ## - SUBJECT ADDED ENTRY--TOPICAL TERM
Topical term or geographic name as entry element Law
856 ## - ELECTRONIC LOCATION AND ACCESS
Password 0
Logon 0
Link text Download
942 ## - ADDED ENTRY ELEMENTS (KOHA)
Source of classification or shelving scheme
Koha item type Books
Holdings
Withdrawn status Lost status Source of classification or shelving scheme Damaged status Not for loan Collection code Permanent location Current location Shelving location Date acquired Inventory number Total Checkouts Full call number Barcode Date last seen Copy number Price effective from Koha item type
        Not For Loan Non-fiction Bangladesh University of Business and Technology Library Bangladesh University of Business and Technology Library Law Stacks 07/21/2009 6630   346 HAC BUBTL-20036630 10/24/2018 C-1 10/24/2018 Books
          Non-fiction Bangladesh University of Business and Technology Library Bangladesh University of Business and Technology Library Law Stacks 07/21/2009 6631   346 HAC BUBTL-20036631 10/24/2018 C-2 10/24/2018 Books
          Non-fiction Bangladesh University of Business and Technology Library Bangladesh University of Business and Technology Library Law Stacks 07/21/2009 6632   346 HAC BUBTL-20036632 10/24/2018 C-3 10/24/2018 Books
          Non-fiction Bangladesh University of Business and Technology Library Bangladesh University of Business and Technology Library Law Stacks 07/21/2009 6633   346 HAC BUBTL-20036633 10/24/2018 C-4 10/24/2018 Books
        Not For Loan Non-fiction Bangladesh University of Business and Technology Library Bangladesh University of Business and Technology Library Law Stacks 07/21/2009 6634   346 HAC BUBTL-20036634 10/24/2018 C-5 10/24/2018 Books

More Information About Library

Library Hours

  • Open: 9.00 am. to 9.00 pm.
  • Only Sunday: 9.00 am. to 6.00 pm.
  • Closed: Holiday

Contact to the University

Bangladesh University of Business and Technology Library

  • Mirpurl-2, 1216.
  • Phone:
  • Fax:
  • E-Mail: admin.library@bubt.edu.bd

Contact to the Library

Contact Person:

Md. Abdul Hakim Shah
Joint Librarian
PABX No:  113
Cell No: 01816332931
E-mail: official: admin.library@bubt.edu.bd
Personal: hakim.shah@bubt.edu.bd


BUBT Library

Copyright © 2021